| 000 | 00605nam a2200205Ia 4500 | ||
|---|---|---|---|
| 005 | 20250923144602.0 | ||
| 008 | 008 250917s9999 xx 000 0 eng d | ||
| 037 | _aTextual | ||
| 040 |
_aDSWL _beng _cDSWL |
||
| 041 |
_aeng _2eng |
||
| 084 |
_aYX,ZF, N50 _qDSWL |
||
| 100 |
_aAdams, W G S _9826346 |
||
| 245 | 0 |
_aOur neighbourhood : A handbook of information community centers and association _cby W.G.S Adams. |
|
| 260 |
_aLondon _b Bedfoxd Square _c1955 |
||
| 300 | _a94p. | ||
| 365 |
_aINR _b5 |
||
| 925 | _g5 | ||
| 942 |
_cTEXL _hYX,ZF, N50 |
||
| 999 |
_c1440825 _d1440825 |
||